[Event "Cannes Martinez op"]
[Site "Cannes"]
[Date "1996.??.??"]
[Round "8"]
[White "Etchegaray, Malina"]
[Black "Hohler, Peter"]
[Result "1/2-1/2"]
[WhiteElo "2160"]
[BlackElo "2240"]

1.d4 d5 2.c4 dxc4 3.Nf3 Nf6 4.e3 e6 5.Bxc4 c5 6.O-O a6 7.a4 Nc6 8.Nc3 Be7
9.Qe2 cxd4 10.Rd1 e5 11.exd4 exd4 12.Nxd4 Nxd4 13.Qe3 O-O 14.Rxd4 Qc7 15.Qf4 Qxf4
16.Bxf4 Bf5  1/2-1/2

[Event "Cappelle op"]
[Site "Cappelle la Grande "]
[Date "1996.??.??"]
[Round "7"]
[White "Todorov, Ognjan"]
[Black "Volzhin, Alexander"]
[Result "0-1"]
[WhiteElo "2380"]
[BlackElo "2485"]

1.d4 d5 2.c4 c6 3.Nf3 Nf6 4.e3 e6 5.Bd3 dxc4 6.Bxc4 c5 7.Qe2 a6 8.dxc5 Bxc5
9.O-O Nc6 10.e4 Ng4 11.e5 Nd4 12.Nxd4 Qxd4 13.Nd2 Nxe5 14.Bb3 Bd7 15.Nf3 Nxf3+
16.Qxf3 Bc6 17.Qg3 Bd6 18.Qh3 O-O 19.Be3 Qf6 20.Rad1 Be5 21.Bb6 Bxb2 22.Rfe1 Rac8
23.Rxe6 fxe6 24.Bxe6+ Kh8 25.Bxc8 Ba4 26.Bf5 g6  0-1

[Event "Copenhagen KS"]
[Site "Copenhagen"]
[Date "1996.??.??"]
[Round "1"]
[White "Schandorff, Lars"]
[Black "Borge, Nikolaj"]
[Result "1-0"]
[WhiteElo "2495"]
[BlackElo "2455"]

1.d4 d5 2.c4 dxc4 3.e3 Nf6 4.Bxc4 e6 5.Nf3 c5 6.Qe2 a6 7.dxc5 Bxc5 8.O-O Nbd7
9.e4 b5 10.Bd3 Bb7 11.a4 bxa4 12.Nc3 a3 13.bxa3 O-O 14.Bf4 Qa5 15.Rab1 Bc6
16.Rfc1 e5 17.Bd2 Rfb8 18.a4 Rxb1 19.Rxb1 Ng4 20.Bc4 Rf8 21.h3 Nxf2 22.Kh2 Qc7
23.Rf1 Nxe4 24.Nxe4 Bxe4 25.Qxe4 Nf6 26.Qf5 e4+ 27.Bf4 Bd6 28.Bxd6 Qxd6+
29.Ne5 e3 30.Kh1 e2 31.Bxe2 Re8 32.Ng4 Rxe2  1-0

[Event "Copenhagen KS"]
[Site "Copenhagen"]
[Date "1996.??.??"]
[Round "3"]
[White "Kumaran, Dharshan"]
[Black "Borge, Nikolaj"]
[Result "1/2-1/2"]
[WhiteElo "2495"]
[BlackElo "2455"]

1.d4 d5 2.c4 dxc4 3.Nf3 Nf6 4.e3 e6 5.Bxc4 c5 6.Qe2 a6 7.dxc5 Bxc5 8.O-O Nbd7
9.e4 b5 10.Bd3 Bb7 11.a4 bxa4 12.Nc3 Bd6 13.Rxa4 Nc5 14.Rd4 Qb8 15.Bc2 e5
16.Rdd1 O-O 17.Bg5 Be7 18.Nd5 Nxd5 19.exd5 Bxg5 20.Nxg5 h6 21.b4 Nd7 22.Qd3 g6
23.Ne4 Bc8 24.Ba4 Ra7 25.Qe3 Kg7 26.Nc5 a5 27.bxa5 Nf6 28.d6 Rxa5 29.d7 Ba6
30.Rfe1 Ng4 31.Qc3 Qb6 32.d8=Q Rxd8 33.Rxd8 Qxd8 34.h3 Qb6 35.hxg4 Qxc5 36.Qxc5 Rxc5
37.f3 Bc8 38.Kf2 Kf6 39.Kg3 Be6 40.Re2 Ra5 41.Bc6 Ra6 42.Bb7 Rd6 43.Be4 Ra6
44.Rb2 Ra3 45.Rb6 Ra5 46.Rd6 Ke7 47.Rb6 Kf6 48.Rc6 Kg5 49.Rb6 h5 50.gxh5 gxh5
51.Rb2 Ra2 52.Rxa2 Bxa2 53.Kf2 f5 54.Bb7 Kf4 55.g3+ Kg5 56.Ke3 f4+ 57.gxf4+ exf4+
58.Kf2 Kf6 59.Kg2 Be6 60.Bc6 Ke5 61.Be8 h4 62.Bc6 Kd4 63.Bb7 Ke3 64.Bc6 Bc8
65.Bd5 Ba6 66.Kh3 Be2 67.Kxh4 Bxf3 68.Be6 Be2 69.Bd5 Bd3 70.Kg4 Be4 71.Bc4 f3
72.Kg3 Bc2 73.Bd5 f2 74.Bc4 Bd1 75.Bf1 Bh5 76.Bg2 Be2 77.Bh3 Bf3 78.Bf1 Bd1
79.Bg2 Ke2 80.Kf4 Ba4 81.Bh3 Bd7 82.Bg2 Bc8 83.Kg3 Ke1 84.Kf4  1/2-1/2

[Event "Copenhagen KS"]
[Site "Copenhagen"]
[Date "1996.??.??"]
[Round "6"]
[White "Hellsten, Johan"]
[Black "Borge, Nikolaj"]
[Result "1-0"]
[WhiteElo "2490"]
[BlackElo "2455"]

1.d4 d5 2.Nf3 Nf6 3.c4 dxc4 4.e3 e6 5.Bxc4 c5 6.O-O a6 7.b3 Nc6 8.Bb2 cxd4
9.Nxd4 Bd7 10.Nd2 Nxd4 11.Bxd4 Bc6 12.Be2 Be7 13.Nc4 O-O 14.Rc1 Nd5 15.Qd2 Rc8
16.Ne5 Ba3 17.Rc4 Nb4 18.Rd1 Bb5 19.Rxc8 Qxc8 20.Nc4 Bxc4 21.bxc4 Nc6 22.Bxg7 Rd8
23.Qc3 Rxd1+ 24.Bxd1 Qd7 25.Be2 Qd6 26.Bf6 e5 27.Bh4 f5 28.c5 Bxc5 29.Qb3+ Kf8
30.Qxb7 Ne7 31.Qxa6 Qxa6 32.Bxa6 Ba3 33.Bf6 Ng6 34.Bc4 e4  1-0

[Event "Copenhagen KS"]
[Site "Copenhagen"]
[Date "1996.??.??"]
[Round "8"]
[White "Parker, Jonathan"]
[Black "Borge, Nikolaj"]
[Result "1-0"]
[WhiteElo "2470"]
[BlackElo "2455"]

1.d4 d5 2.c4 dxc4 3.Nf3 Nf6 4.e3 e6 5.Bxc4 c5 6.Qe2 a6 7.dxc5 Bxc5 8.e4 b5
9.Bd3 Nc6 10.Nbd2 Ng4 11.O-O Qc7 12.Nb3 Bd6 13.h3 Nge5 14.Nxe5 Nxe5 15.Be3 Nxd3
16.Qxd3 O-O 17.Rac1 Qb8 18.Rfd1 Bf4 19.Na5 Bxe3 20.Qxe3 Qe5 21.b4 Qh5 22.f4 f5
23.Qc5 Qh6 24.Qc7 g5 25.Rd8 Rxd8 26.Qxd8+ Qf8 27.Qxg5+ Qg7 28.Qd8+ Qf8 29.Qg5+ Qg7
30.Qxg7+ Kxg7 31.Rc7+ Kf8 32.e5 Ke8 33.Rxh7 Rb8 34.h4 Rb6 35.h5 Bd7 36.h6  1-0

[Event "Asia-ch"]
[Site "Dubai"]
[Date "1996.??.??"]
[Round "?"]
[White "Ravi, Lanka"]
[Black "Ilinsky, Vladimir"]
[Result "0-1"]
[WhiteElo "2390"]
[BlackElo "2335"]

1.d4 d5 2.c4 dxc4 3.Nf3 Nf6 4.e3 e6 5.Bxc4 c5 6.O-O a6 7.Qe2 b5 8.Bd3 cxd4
9.exd4 Bb7 10.Nc3 Be7 11.Bg5 O-O 12.Rad1 Nbd7 13.Rfe1 Nb6 14.Ne5 Nbd5 15.Bb1 Nxc3
16.bxc3 Nd5 17.Qh5 f5 18.Bd2 Bd6 19.Nf3 Nf6 20.Qh4 Bxf3 21.gxf3 Qd7 22.Bc2 Nd5
23.Bb3 Rac8 24.Ra1 Rf6 25.Kh1 Kh8 26.a4 Qc6 27.axb5 axb5 28.Qh5 Nf4 29.Bxf4 Bxf4
30.d5 Qxc3 31.dxe6 g6 32.Qh3 Qxb3 33.Ra7 h5 34.e7 Re8 35.Kg2 Re6 36.Rea1 Be5
37.R1a6 Rxa6 38.Rxa6 Qf7 39.Rb6 Rxe7 40.Rxb5 Qf6 41.Rb1 Ra7 42.Rf1 Ra3 43.Kh1 Qc6
44.Kg2 Qc4 45.Re1 Qd4 46.Re2 Ra1 47.Re3 Qd1  0-1

[Event "RUS-ch"]
[Site "Elista"]
[Date "1996.??.??"]
[Round "9"]
[White "Filippov, Valerij"]
[Black "Volzhin, Alexander"]
[Result "1/2-1/2"]
[WhiteElo "2565"]
[BlackElo "2485"]

1.Nf3 d5 2.d4 Nf6 3.c4 dxc4 4.e3 e6 5.Bxc4 c5 6.O-O a6 7.Bd3 cxd4 8.exd4 Be7
9.Ne5 Nc6 10.Nxc6 bxc6 11.Qc2 Bb7 12.Rd1 Qc7 13.Nd2 c5 14.Nb3 Qc6 15.f3 cxd4
16.Qxc6+ Bxc6 17.Nxd4 Bb7 18.Be3 O-O 19.Nb3 a5 20.Bc5 Bxc5+ 21.Nxc5 Bd5 22.Kf2 Rfc8
23.Na4 Rab8 24.b3 Kf8 25.Rac1 Ke7 26.Nb2 Nd7 27.Ke3 Ne5 28.Be4 Rxc1 29.Rxc1 Kd6
30.Rd1 Rc8 31.f4 Ng4+ 32.Kf3 Nf6 33.Nc4+ Ke7 34.Bxd5 Nxd5 35.Rd4 Rc5 36.a3 f5
37.Ke2 Kf6 38.Kd2 h6 39.h4 g5 40.hxg5+ hxg5 41.g3 gxf4  1/2-1/2

[Event "FIN-chT 9596"]
[Site "FIN"]
[Date "1996.??.??"]
[Round "2"]
[White "Tella, Jussi"]
[Black "Hakulinen, Esko Matti"]
[Result "1/2-1/2"]
[WhiteElo "2310"]
[BlackElo "2340"]

1.d4 d5 2.c4 dxc4 3.e3 Nf6 4.Bxc4 e6 5.Nf3 c5 6.O-O a6 7.a4 Nc6 8.Nc3 Be7
9.Qe2 cxd4 10.Rd1 O-O 11.exd4 Nb4 12.Bg5 Bd7 13.d5 exd5 14.Nxd5 Nbxd5 15.Bxd5 Nxd5
16.Rxd5 Bxg5 17.Nxg5 h6 18.Qd2 hxg5 19.Rxd7 Qf6 20.Rxb7 Rfd8 21.Qb4 Rac8
22.Rb6 Rd4 23.Rxf6 Rxb4 24.Rxa6 Rxb2 25.h3 Rcc2 26.Rf1  1/2-1/2

[Event "Frydek-Mistek op"]
[Site "Frydek-Mistek"]
[Date "1996.??.??"]
[Round "3"]
[White "Kaunas, Kestutis"]
[Black "Valenta, Vit"]
[Result "1/2-1/2"]
[WhiteElo "2415"]
[BlackElo "2320"]

1.d4 d5 2.c4 dxc4 3.Nf3 Nf6 4.e3 e6 5.Bxc4 c5 6.Qe2 a6 7.dxc5 Bxc5 8.O-O b5
9.Bd3 Nc6 10.Nc3 O-O 11.e4 e5 12.h3 h6 13.Be3 Nd4 14.Bxd4 exd4 15.Nb1 Nh5
16.Rc1 Bb4 17.Rc2 Nf4 18.Qf1 Qf6 19.Nbd2 Qg6 20.Kh2 Qh5 21.Ng1 Ne6 22.f4 Bb7
23.Re1 Rfd8 24.Ne2 f6 25.Ng3 Qh4 26.Ne2 Qh5 27.g3 Qf7 28.Nf3 Ba5 29.b3 Bb6
30.h4 Qe7 31.Nd2 Nc5 32.Ng1 Nxe4  1/2-1/2

[Event "Frydek-Mistek op"]
[Site "Frydek-Mistek"]
[Date "1996.??.??"]
[Round "4"]
[White "Gladischev, Oleg"]
[Black "Szymczak, Zbigniew"]
[Result "1/2-1/2"]
[WhiteElo "2460"]
[BlackElo "2330"]

1.d4 d5 2.Nf3 Nf6 3.c4 dxc4 4.e3 e6 5.Bxc4 c5 6.O-O a6 7.Qe2 b5 8.Bb3 Bb7
9.Rd1 Nbd7 10.Nc3 Qb6 11.d5 Nxd5 12.Nxd5 exd5 13.Bxd5 Bxd5 14.Rxd5 Be7 15.b3 Rd8
16.Bb2 O-O 17.Rad1 Nf6 18.Rxd8 Rxd8 19.Rxd8+ Qxd8 20.e4 Qa8  1/2-1/2

[Event "Frydek-Mistek op"]
[Site "Frydek-Mistek"]
[Date "1996.??.??"]
[Round "7"]
[White "Czerwonski, Aleksander"]
[Black "Valenta, Vit"]
[Result "1/2-1/2"]
[WhiteElo "2400"]
[BlackElo "2320"]

1.d4 d5 2.c4 dxc4 3.Nf3 Nf6 4.e3 e6 5.Bxc4 c5 6.O-O a6 7.a4 Nc6 8.Qe2 Qc7
9.Nc3 Be7 10.dxc5 Bxc5 11.e4 Ng4 12.g3 O-O 13.Bf4 e5 14.Nd5 Qd6 15.Bd2 Nf6
16.Nxf6+ Qxf6 17.Be3 Bxe3 18.fxe3 Bg4 19.Rf2 Qd6 20.Qf1 Be6 21.Rd1 Qc5 22.Bxe6 fxe6
23.Qe2 Rad8 24.Rdf1 h6 25.Nd2 Qb4 26.b3 Rxf2 27.Rxf2 Qc3  1/2-1/2

[Event "Troll Masters"]
[Site "Gausdal"]
[Date "1996.??.??"]
[Round "2"]
[White "Gausel, Einar"]
[Black "Duncan, Christopher R"]
[Result "1/2-1/2"]
[WhiteElo "2515"]
[BlackElo "2325"]

1.d4 d5 2.c4 dxc4 3.Nf3 Nf6 4.e3 e6 5.Bxc4 c5 6.O-O a6 7.Bd3 Nbd7 8.Qe2 Qc7
9.a4 b6 10.Nc3 Bb7 11.Bd2 Be7 12.Rac1 Qb8 13.Rfd1 O-O 14.h3 Rd8 15.Bb1 Qd6
16.Be1 cxd4 17.Rxd4 Qc5 18.Rcd1 Ne5 19.Ng5 Nc6 20.Rxd8+ Rxd8 21.Nce4 Nxe4
22.Nxe4 Qe5 23.Bc3 Rxd1+ 24.Qxd1 Qd5 25.Qg4 Ne5 26.Qg3 Ng6 27.Nd2 Bd6 28.Qf3 Qxf3
29.Nxf3 Bd5 30.Bc2 Kf8 31.e4 Bb7 32.g3 f6 33.Nd4 Ke7 34.f4 Nf8 35.Kf2 g6
36.Nf3 Nd7 37.b4 e5 38.Ke3 Bc7 39.h4 a5 40.fxe5 Nxe5 41.Nxe5 Bxe5 42.Be1 axb4
43.Bxb4+ Bd6 44.Bxd6+ Kxd6 45.Kd4 h6 46.Bb3 Bc6 47.Bc2 g5 48.Bb3 Bd7 49.Bd1 Be6  1/2-1/2

[Event "BL2-W9596"]
[Site "Germany"]
[Date "1996.??.??"]
[Round "?"]
[White "Chuchelov, Vladimir"]
[Black "Levin, Felix"]
[Result "1/2-1/2"]
[WhiteElo "2510"]
[BlackElo "2480"]

1.Nf3 d5 2.d4 Nf6 3.c4 dxc4 4.e3 e6 5.Bxc4 c5 6.O-O a6 7.Bd3 Nbd7 8.Qe2 b6
9.Rd1 Bb7 10.Nc3 Qb8 11.h3 Bd6 12.dxc5 Bxc5 13.e4 O-O 14.Be3 Bd6 15.Rac1 b5
16.a3 Ne5 17.Nxe5 Bxe5 18.Bb1 Rc8 19.Bd4 Bxd4 20.Rxd4 e5 21.Rd2 Qc7 22.Rcd1 Rd8
23.Qe3 h6 24.g3 Rxd2 25.Qxd2 Rc8 26.Qd6 Qxd6 27.Rxd6 Kf8 28.f4 Ke7 29.fxe5 Nd7
30.Ba2 Nxe5 31.Rb6 Rc7 32.Bd5 Bc8 33.h4 Nd7 34.Rc6 Rxc6 35.Bxc6 Kd6 36.Bd5 f6
37.Kf2 Kc5 38.Ke3 a5 39.Be6 Nb6 40.Bxc8 Nxc8 41.Kd3 Nd6 42.Nd5 Nc4 43.b4+ axb4
44.axb4+ Kd6 45.Kd4 Ne5 46.Nc3  1/2-1/2

[Event "BL2-N9596"]
[Site "Germany"]
[Date "1996.??.??"]
[Round "?"]
[White "Chekhov, Valery A"]
[Black "Hansen, Lars Bo"]
[Result "1/2-1/2"]
[WhiteElo "2505"]
[BlackElo "2565"]

1.d4 d5 2.c4 dxc4 3.Nf3 Nf6 4.e3 e6 5.Bxc4 c5 6.O-O a6 7.b3 cxd4 8.Nxd4 Be7
9.Bb2 O-O 10.Nd2 Bd7 11.N2f3 Nc6 12.Qe2 Nxd4 13.Bxd4 Qe8 14.a4 Bc6 15.Ne5 Bd5
16.Bxd5 Nxd5 17.e4 Nb4 18.Rac1 Rc8 19.Qg4 Rxc1 20.Rxc1 Bf6 21.Bc5 Qc8 22.Be3 Qe8
23.Bc5 Qc8 24.Be3 Qe8 25.Nc4 Nc6 26.e5 Bxe5 27.Bc5 f5 28.Qe2 Bf4 29.Re1 Rf6
30.b4 Nd8  1/2-1/2

[Event "BL2-W9596"]
[Site "Germany"]
[Date "1996.??.??"]
[Round "?"]
[White "Kishnev, Sergey"]
[Black "Van Wely, Loek"]
[Result "1/2-1/2"]
[WhiteElo "2485"]
[BlackElo "2570"]

1.d4 d5 2.c4 dxc4 3.e3 Nf6 4.Bxc4 e6 5.Nf3 c5 6.O-O a6 7.a4 Nc6 8.Nc3 Be7
9.dxc5 Bxc5 10.Qxd8+ Kxd8 11.e4 Ng4 12.Bf4 f6 13.a5 Nge5 14.Nxe5 Nxe5 15.Na4 Nxc4
16.Nxc5 e5 17.Bd2 Rb8 18.Rfd1 Ke8 19.b3 Nxd2 20.Rxd2 b6 21.Rad1 Kf7 22.Nd7 Bxd7
23.Rxd7+ Kg6 24.axb6 Rxb6 25.R1d3 Rg8 26.Rg3+ Kh6 27.Ra7 Rc6 28.h3 Rc1+ 29.Kh2 Rf1
30.f3 Ra1 31.Rg4 Ra3 32.Rh4+ Kg6 33.Rg4+ Kh6 34.b4 Ra4 35.Rh4+ Kg6 36.Rg4+ Kh6
37.Rb7 a5 38.Rh4+ Kg6 39.Rg4+ Kh6 40.b5 Rb4 41.Rh4+ Kg6 42.Rg4+ Kh6 43.Rh4+ Kg6  1/2-1/2

[Event "BL2-N9596"]
[Site "Germany"]
[Date "1996.??.??"]
[Round "?"]
[White "Lindemann, Sven"]
[Black "Breier, Andreas"]
[Result "1-0"]
[WhiteElo "2245"]
[BlackElo "2165"]

1.d4 d5 2.c4 dxc4 3.e3 c5 4.Bxc4 e6 5.Nf3 Nf6 6.O-O Nc6 7.Qe2 a6 8.dxc5 Bxc5
9.Nc3 b5 10.Bb3 O-O 11.e4 Qb6 12.e5 Nd7 13.Bc2 g6 14.Bh6 Re8 15.Rad1 Be7
16.Bf4 Nc5 17.Ng5 Nb4 18.Bb1 Bb7 19.a3 Nd5 20.Nxd5 exd5 21.Qe3 Qc6 22.Qg3 Ne6
23.Rc1 Nxf4 24.Qxf4 Bxg5 25.Qxg5 Qe6 26.f4 Rac8 27.Rce1 Qb6+ 28.Kh1 Qd4 29.h4 Qxb2
30.h5 d4 31.hxg6 fxg6 32.f5 Re7 33.f6 Rec7 34.e6 Qxa3 35.f7+ Kf8 36.Qh6+  1-0

[Event "BL2-S9697"]
[Site "Germany"]
[Date "1996.??.??"]
[Round "?.3"]
[White "Doettling, Fabian"]
[Black "Raupp, Thomas"]
[Result "0-1"]
[WhiteElo "2300"]
[BlackElo "2360"]

1.d4 d5 2.Nf3 Nf6 3.c4 dxc4 4.e3 e6 5.Bxc4 c5 6.O-O a6 7.Qe2 b5 8.Bb3 Bb7
9.Rd1 Nbd7 10.Nc3 Qb8 11.d5 Nxd5 12.Nxd5 Bxd5 13.Bxd5 exd5 14.Rxd5 Be7 15.b3 Qb7
16.Rd1 O-O 17.Bb2 Rfd8 18.Rac1 Nb6 19.Nd2 Rd7 20.Qg4 g6 21.Nf3 Rad8 22.Rxd7 Qxd7
23.Qxd7 Rxd7 24.Kf1 f6 25.Ke2 Kf7 26.Nd2 f5 27.Nf3 Ke6 28.h3 Nd5 29.a3 a5
30.Nd2 Nb6 31.Bc3 a4 32.Ba5 Nd5 33.bxa4 Ra7 34.Nb3 bxa4 35.Nxc5+ Bxc5 36.Rxc5 Kd6
37.Bb4 Nxb4 38.axb4 a3 39.Rc1 a2 40.Ra1 Kc6 41.Kd3 Kb5 42.Kc3 Ra3+ 43.Kb2 Kxb4
44.g4 fxg4 45.hxg4 h5 46.gxh5 gxh5 47.f4 Rb3+ 48.Kc2 Rxe3 49.Kd2 Rf3 50.Ke2 Ra3
51.f5 Kb3  0-1

[Event "Gistrup"]
[Site "Gistrup"]
[Date "1996.??.??"]
[Round "1"]
[White "Aleksandrov, Aleksej"]
[Black "Volzhin, Alexander"]
[Result "1-0"]
[WhiteElo "2550"]
[BlackElo "2485"]

1.d4 d5 2.c4 dxc4 3.e3 Nf6 4.Bxc4 e6 5.Nf3 c5 6.O-O a6 7.b3 Nc6 8.dxc5 Bxc5
9.Qxd8+ Kxd8 10.Bb2 Ke7 11.Nbd2 Rd8 12.Rac1 b6 13.a3 Bb7 14.Rc2 Rac8 15.Rfc1 Nb8
16.Be2 Nbd7 17.Nd4 a5 18.h3 Ne5 19.Kf1 Ne4 20.Nb1 g6 21.Ke1 Nf6 22.Nd2 Ne4
23.N2f3 Nxf3+ 24.gxf3 Nd6 25.Rd2 Nf5 26.Nxf5+ exf5 27.Rcd1 Rxd2 28.Rxd2 Bc6
29.Kf1 Bd7 30.Bc4 Be6 31.Bxe6 Kxe6 32.Rc2 Rc7 33.Ke2 Bd6 34.Rxc7 Bxc7 35.Kd3 b5
36.a4 bxa4 37.bxa4 h5 38.Kc4 g5 39.Kd3 Bd8  1-0

[Event "Gistrup"]
[Site "Gistrup"]
[Date "1996.??.??"]
[Round "8"]
[White "Filippov, Valerij"]
[Black "Yakovich, Yuri"]
[Result "0-1"]
[WhiteElo "2565"]
[BlackElo "2530"]

1.Nf3 d5 2.d4 Nf6 3.c4 dxc4 4.e3 e6 5.Bxc4 c5 6.O-O a6 7.Bd3 cxd4 8.exd4 Be7
9.Nc3 b5 10.a4 b4 11.Ne4 Bb7 12.Qe2 O-O 13.Bf4 Qd5 14.Nfg5 Nbd7 15.Rac1 h6
16.Nxf6+ Nxf6 17.Nf3 Rfc8 18.Rxc8+ Rxc8 19.Bxa6 Bxa6 20.Qxa6 Ra8 21.Qb5 Qxb5
22.axb5 Nd5 23.Bg3 Ra5 24.b3 Bf6 25.Bd6 Rxb5 26.Ra1 Nc3 27.Kf1 Ne4 28.Bf4 Rd5
29.Be3 Ng5 30.Ne5 Bxe5 31.dxe5 Rd3 32.Rb1 Ne4 33.Rb2 Rd1+ 34.Ke2 Nc3+ 35.Kf3 Rd5
36.Rc2 Rxe5 37.Bd4 Rf5+ 38.Ke3 Nd5+ 39.Ke4 Rf4+ 40.Kd3 Rh4 41.Be5 f6 42.Bd6 e5
43.Rc4 Nf4+ 44.Kd2 Rxh2 45.g3 Rxf2+ 46.Ke3 Re2+ 47.Kf3 Rd2 48.gxf4 Rxd6 49.fxe5 Rb6
50.exf6 Rxf6+ 51.Ke4 Rb6 52.Kd5 h5 53.Ke5 Rb8 54.Kd6 Kf7 55.Kc7 Rh8 56.Rxb4 h4
57.Rf4+ Ke6 58.b4 h3 59.Rf1 h2 60.Rh1 g5 61.b5 g4 62.b6 g3 63.b7 Rh7+ 64.Kc6 Rxb7
65.Kxb7 Kf5  0-1

[Event "Koop Tjuchem op"]
[Site "Groningen"]
[Date "1996.??.??"]
[Round "7"]
[White "Schlosser, Philipp"]
[Black "Meins, Gerlef"]
[Result "1-0"]
[WhiteElo "2560"]
[BlackElo "2465"]

1.d4 d5 2.c4 dxc4 3.e3 Nf6 4.Bxc4 e6 5.Nf3 c5 6.Qe2 cxd4 7.exd4 Be7 8.O-O O-O
9.Nc3 Nc6 10.Rd1 Na5 11.Bd3 b6 12.Ne5 Bb7 13.Qe3 Rc8 14.Qg3 g6 15.Bh6 Nh5
16.Qe3 Ng7 17.Rac1 a6 18.Be4 Bxe4 19.Qxe4 Re8 20.Bxg7 Kxg7 21.Qf3 Rf8 22.d5 Qd6
23.Qe3 exd5 24.Ng4 Qe6 25.Qd4+ f6 26.Nxd5 Rxc1 27.Rxc1 Rd8 28.Nc7 Qd7 29.Qxd7 Rxd7
30.Nxa6 Nc6 31.Ne3 Ne5 32.b3 Bd8 33.Kf1 Ra7 34.Nb4 Be7 35.Nbd5 Bc5 36.a4 Nd3
37.Rc3 Ne5 38.Ke2 Rd7 39.b4 Bxe3 40.Nxe3 Rd6 41.Rc7+ Kg8 42.Rb7 f5 43.a5 bxa5
44.bxa5 Ra6 45.Rb5 Nd7 46.Nc4 Kf7 47.Rb7 Ke6 48.Ke3 Nc5 49.Rb6+ Kd5 50.Rxa6 Nxa6
51.Nd2 g5 52.f4 h6 53.Nf3 g4 54.Nd4  1-0

[Event "Koop Tjuchem op"]
[Site "Groningen"]
[Date "1996.??.??"]
[Round "10"]
[White "Brenninkmeijer, Joris"]
[Black "Jonkman, Harmen"]
[Result "1-0"]
[WhiteElo "2505"]
[BlackElo "2325"]

1.d4 d5 2.c4 dxc4 3.Nf3 Nf6 4.e3 e6 5.Bxc4 c5 6.Qe2 a6 7.dxc5 Bxc5 8.O-O Nc6
9.e4 b5 10.Bb3 e5 11.h3 O-O 12.Nc3 Nd4 13.Nxd4 Bxd4 14.Nd5 Nxd5 15.Bxd5 Ra7
16.Be3 Be6 17.Bxe6 fxe6 18.a4 bxa4 19.Rxa4 Qb6 20.Bxd4 exd4 21.Qc4 Rd8 22.Rd1 a5
23.Rxd4 Rxd4 24.Qxd4 Qxd4 25.Rxd4 Rb7 26.Ra4 Rxb2 27.Rxa5 Re2 28.Re5 Kf7
29.f4 Kf6 30.Kh2 Re3 31.h4 g6 32.Kg1 Re2 33.h5 Ra2 34.Kh2 Ra3 35.g3 Re3 36.Kg2 g5
37.Rxg5 Rxe4 38.Rb5 e5 39.Kf3 Re1 40.Rb6+ Kf7 41.Rb7+ Kf6 42.Rxh7 exf4 43.Kxf4 Rf1+
44.Kg4 Ra1 45.Rh6+ Kf7 46.Rb6 Ra5 47.Kh4 Kg7 48.g4 Ra7 49.h6+ Kh7 50.Kh5  1-0

[Event "GER-ch U20"]
[Site "Halle"]
[Date "1996.??.??"]
[Round "1"]
[White "Lauber, Arnd"]
[Black "Buhr, Carl Christian"]
[Result "1/2-1/2"]
[WhiteElo "2380"]
[BlackElo "2245"]

1.d4 d5 2.c4 dxc4 3.Nf3 Nf6 4.e3 e6 5.Bxc4 c5 6.O-O a6 7.a4 Nc6 8.Qe2 Qc7
9.Nc3 Nb4 10.h3 Bd7 11.Rd1 Rc8 12.b3 Bd6 13.dxc5 Bxc5 14.e4 Bc6 15.Re1 O-O
16.e5 Bxf3 17.gxf3 Nd7 18.Bb2 Nb6 19.Bd3 Nxd3 20.Qxd3 Rfd8 21.Qe2 Nd5 22.Nxd5 Rxd5
23.Red1 Qd8 24.Rxd5 Qxd5 25.Rc1 Qxb3 26.Bd4 Qa3 27.Qe3 Qxe3 28.fxe3 b6 29.a5 Rb8
30.Bxc5 bxc5 31.Rxc5 g6 32.Rc6  1/2-1/2

[Event "Hallsberg op"]
[Site "Hallsberg"]
[Date "1996.??.??"]
[Round "1"]
[White "Akesson, Ralf"]
[Black "Hedman, Erik"]
[Result "1-0"]
[WhiteElo "2505"]
[BlackElo "2355"]

1.Nf3 d5 2.d4 Nf6 3.c4 dxc4 4.e3 e6 5.Bxc4 c5 6.O-O a6 7.b3 Nc6 8.Bb2 Qc7
9.Nbd2 Bd6 10.dxc5 Bxc5 11.Rc1 Be7 12.e4 O-O 13.e5 Nd7 14.Qe2 Rd8 15.h4 b5
16.Bd3 Bb7 17.Ne4 Qb6 18.Bb1 Nf8 19.h5 Rd5 20.h6 Ng6 21.Nd6 Bxd6 22.exd6 gxh6
23.Be4 Rxd6 24.Rxc6 Bxc6 25.Bxg6 f6 26.Qc2 Ra7 27.Bxf6 Bxf3 28.Qc8+  1-0

[Event "HUN-chT1 9596"]
[Site "HUN"]
[Date "1996.??.??"]
[Round "11"]
[White "Kecskes, Gabor"]
[Black "Ruck, Tamas"]
[Result "1-0"]
[WhiteElo "2100"]
[BlackElo "2265"]

1.d4 d5 2.c4 dxc4 3.Nf3 Nf6 4.e3 e6 5.Bxc4 c5 6.O-O a6 7.a4 Nc6 8.Qe2 cxd4
9.Rd1 Be7 10.exd4 O-O 11.Nc3 Nb4 12.Bg5 Nbd5 13.Ne5 Nxc3 14.bxc3 Nd5 15.Bd2 Qd6
16.Bd3 g6 17.c4 Nf6 18.Bh6 Re8 19.c5 Qc7 20.Qf3 Bd7 21.Be4 Rab8 22.g4 Rf8
23.Bxf8 Rxf8 24.Bxb7 a5 25.Nxd7 Qxd7 26.Bc6 Qc7 27.Rab1 Nxg4 28.h3 Nf6 29.Rb7 Qd8
30.d5  1-0

[Event "HUN-chT1 9697"]
[Site "Hungary"]
[Date "1996.??.??"]
[Round "4"]
[White "Lorincz, Istvan"]
[Black "Nemeth, Zoltan"]
[Result "0-1"]
[WhiteElo "2375"]
[BlackElo "2395"]

1.d4 d5 2.c4 dxc4 3.e3 c5 4.Bxc4 e6 5.Nf3 Nf6 6.O-O Bd7 7.Qe2 cxd4 8.exd4 Bc6
9.Bg5 Be7 10.Nc3 Nbd7 11.Rad1 O-O 12.Ne5 Nd5 13.Nxc6 bxc6 14.Bxd5 cxd5 15.Bxe7 Qxe7
16.Nxd5 Qd6 17.Nc3 Nf6 18.Ne4 Nxe4 19.Qxe4 Rab8 20.Rd2 Rfd8 21.Rc1 g6 22.Rc4 Rb5
23.g3 e5 24.b3 Qd7 25.Qc6 Qxc6 26.Rxc6 a5 27.Rc4 Rbd5 28.Kf1 exd4 29.Rd3 Kg7
30.Ke2 R8d7 31.Rf3 f5 32.h4 Kf6 33.Kd3 h6 34.Rc6+ R5d6 35.Rxd6+ Rxd6 36.g4 Ke5
37.gxf5 gxf5 38.Rg3 Rc6 39.h5 Rc1 40.Rg8 Rc3+ 41.Kd2 a4 42.Re8+ Kf4 43.Rd8 Ke4
44.bxa4 Ra3 45.Re8+ Kf4 46.Rg8 Rxa4 47.Kd3 Rxa2 48.Kxd4 Rd2+ 49.Kc3 Rxf2
50.Rg6 Rh2 51.Rxh6 Kg5 52.Rg6+ Kxh5 53.Rg8 Re2 54.Kd3 Re7 55.Kd2 f4 56.Rg1 Kh4
57.Rg8 f3 58.Kd1 f2 59.Rf8  0-1

[Event "HUN-chT1 9697"]
[Site "Hungary"]
[Date "1996.??.??"]
[Round "5"]
[White "Dao Thien Hai"]
[Black "Izsak, Gyula"]
[Result "1-0"]
[WhiteElo "2560"]
[BlackElo "2435"]

1.d4 d5 2.c4 dxc4 3.Nf3 Nf6 4.e3 c5 5.Bxc4 e6 6.Qe2 cxd4 7.exd4 Nc6 8.O-O Be7
9.Rd1 O-O 10.a3 b6 11.Nc3 Na5 12.Ba2 Bb7 13.b4 Rc8 14.Bb2 Bxf3 15.gxf3 Nb7
16.d5 exd5 17.Nxd5 Nxd5 18.Rxd5 Bd6 19.Qe4 Kh8 20.Rh5 f5 21.Qxb7 Rc7 22.Qd5 Rc2
23.Qb3 Rxb2 24.Qxb2 Qe8 25.Rg5 Be5 26.Qc1 Bxa1 27.Qxa1 Qe7 28.f4  1-0

[Event "Imperia op"]
[Site "Imperia"]
[Date "1996.??.??"]
[Round "2"]
[White "Patelli, Alessandro"]
[Black "Frank, Jozsef"]
[Result "1-0"]
[WhiteElo "2240"]
[BlackElo "2045"]

1.Nf3 c5 2.c4 Nf6 3.e3 d5 4.d4 dxc4 5.Bxc4 e6 6.O-O Nc6 7.Qe2 cxd4 8.Rd1 d3
9.Rxd3 Qc7 10.a3 Be7 11.Nc3 a6 12.e4 O-O 13.e5 Nd7 14.Bf4 Nc5 15.Re3 b5 16.Ba2 b4
17.axb4 Nxb4 18.Bb1 g6 19.Ng5 Nb3 20.Nxh7 Nd5 21.Nxd5 Qc1+ 22.Qf1 Qxf1+ 23.Kxf1 exd5
24.Rxb3 Kxh7 25.Bd3 Bd8 26.Be3 Be7 27.Bd4 Re8 28.f4 a5 29.Rc3 Bd8 30.Bb5 Re7
31.Bc6 Rb8 32.Bxd5 Ba6+ 33.Kg1 Rxb2 34.Rh3+  1-0

[Event "IRL-ch"]
[Site "Irland"]
[Date "1996.??.??"]
[Round "1"]
[White "Cafolla, Peter"]
[Black "Brady, Stephen"]
[Result "0-1"]
[WhiteElo "2155"]
[BlackElo "2305"]

1.d4 d5 2.c4 dxc4 3.e3 Nf6 4.Bxc4 e6 5.Nf3 c5 6.O-O a6 7.dxc5 Qxd1 8.Rxd1 Bxc5
9.Nc3 Nbd7 10.Bd2 Ke7 11.Rac1 b5 12.Bb3 Bb7 13.a4 b4 14.Ne2 Ne4 15.Be1 Rac8
16.Nf4 Bd6 17.Nd4 a5 18.Nb5 Bxf4 19.exf4 Rxc1 20.Rxc1 Nec5 21.Bc2 Rc8 22.Na7 Ra8
23.Nb5 Rc8 24.Na7 Ra8 25.Nb5 b3 26.Bb1 Nxa4 27.Nc7 Ra7 28.Nb5 Ra6 29.Nc7 Rc6
30.Rxc6 Bxc6 31.Bxa5 Nxb2 32.Bc3 Na4 33.Bb4+ Kd8 34.Ba5 Ndb6 35.Na6 Kc8 36.Nb4 Bb5
37.Nd3 Bxd3 38.Bxd3 b2 39.Bd2 Nd5 40.f5 e5  0-1

[Event "ISR-chT"]
[Site "Israel"]
[Date "1996.??.??"]
[Round "2"]
[White "Huzman, Alexander"]
[Black "Zilberman, Yaacov"]
[Result "0-1"]
[WhiteElo "2570"]
[BlackElo "2485"]

1.d4 d5 2.c4 dxc4 3.e3 Nf6 4.Bxc4 e6 5.Nf3 c5 6.O-O a6 7.Bd3 cxd4 8.exd4 Be7
9.Nc3 O-O 10.Ne5 Bd7 11.Be3 Nc6 12.a3 Rc8 13.Rc1 g6 14.Qe2 Re8 15.Rfd1 Qc7
16.Ne4 Nd5 17.Bc4 Nxe3 18.Qxe3 Red8 19.Ng4 h5 20.Nef6+ Bxf6 21.Nxf6+ Kg7
22.Qg5 Rh8 23.Rc3 Qd6 24.Ne4 Qe7 25.Qe3 Rhd8 26.h3 Be8 27.Ba2 Rc7 28.d5 exd5
29.Rxd5 Rxd5 30.Bxd5 Qe5 31.Rc5 b6 32.f4 Qxb2 33.Nd6 Re7 34.Qc3+ Qxc3 35.Rxc3 Nd4
36.Nxe8+ Rxe8 37.Rc7 Ne6 38.Rb7 b5 39.Ra7 Kf8 40.g3 h4 41.gxh4 Re7 42.Ra8+ Kg7
43.Bf3 Nd4 44.Kf2 Nxf3 45.Kxf3 Re6 46.Rc8 Rb6 47.Ra8 Rc6 48.Ke2 Kf6 49.Ra7 Ke6
50.Rb7 f6 51.a4 bxa4 52.Rb4 a3 53.Ra4 Rc3  0-1

[Event "ISR-chT"]
[Site "Israel"]
[Date "1996.??.??"]
[Round "5"]
[White "Mittelman, Gur"]
[Black "Ben Menachem, Itzhak"]
[Result "1-0"]
[WhiteElo "2345"]
[BlackElo "2320"]

1.d4 d5 2.c4 dxc4 3.e3 c5 4.Bxc4 e6 5.Nf3 Nf6 6.O-O a6 7.Bb3 Nc6 8.Qe2 cxd4
9.Rd1 Be7 10.exd4 O-O 11.Nc3 Na5 12.Bc2 b5 13.Bg5 Bb7 14.Ne5 Rc8 15.Rac1 Nd5
16.Bxe7 Qxe7 17.Ne4 Nc4 18.Bb3 f5 19.Bxc4 fxe4 20.Bxd5 Bxd5 21.a3 Qa7 22.Qe3 a5
23.Rxc8 Rxc8 24.Rc1 Rxc1+ 25.Qxc1 Qb7 26.Qc5 h5 27.h4 Kh7 28.Kh2 Kg8 29.Qd6 b4
30.Qd8+ Kh7 31.Nd7 bxa3 32.Nf8+ Kg8 33.Nxe6+ Kf7 34.Ng5+ Kg6 35.Qd6+  1-0

[Event "Jakarta"]
[Site "Jakarta"]
[Date "1996.??.??"]
[Round "?"]
[White "Barus, Cerdas"]
[Black "Mahmud, Syarif"]
[Result "1-0"]
[WhiteElo "2410"]
[BlackElo "2365"]

1.d4 d5 2.c4 dxc4 3.Nf3 Nf6 4.e3 e6 5.Bxc4 c5 6.O-O Nc6 7.Qe2 a6 8.a3 b5
9.Ba2 cxd4 10.Rd1 Bb7 11.Nc3 b4 12.axb4 Nxb4 13.Rxd4 Qc7 14.Bb3 Be7 15.Ba4+ Kf8
16.Bd2 Rc8 17.Rc1 Qb6 18.Bd1 Nc6 19.Rc4 Rd8 20.Na4 Qb5 21.Nc5 Ba8 22.b4 Na7
23.Ba4 Qb6 24.Rd4 Rxd4 25.Nxd4 g6 26.Bc3 Rg8 27.Ndxe6+ fxe6 28.Bxf6 Qxb4
29.Bxe7+ Kxe7 30.Qxa6  1-0